[Event "Leon"]
[Site "Leon"]
[Date "1992.??.??"]
[Round "6"]
[White "Yudasin, Leonid"]
[Black "Romero Holmes, Alfonso"]
[Result "1/2-1/2"]
[WhiteElo "2580"]
[BlackElo "2490"]

1.e4 c5 2.Nf3 d6 3.d4 cxd4 4.Nxd4 Nf6 5.Nc3 g6 6.Be3 Bg7 7.f3 O-O 8.Qd2 Nc6
9.Bc4 Bd7 10.O-O-O Ne5 11.Bb3 Rc8 12.Kb1 Nc4 13.Bxc4 Rxc4 14.Nb3 Be6 15.Rhe1 Qb8
16.Bd4 b5 17.Nd5 Bxd5 18.exd5 Qc7 19.Re2 b4 20.g4 Re8 21.g5 Nh5 22.f4 a5  1/2-1/2

[Event "Leon"]
[Site "Leon"]
[Date "1992.??.??"]
[Round "7"]
[White "Illescas Cordoba, Miguel"]
[Black "Yudasin, Leonid"]
[Result "1/2-1/2"]
[WhiteElo "2555"]
[BlackElo "2580"]

1.e4 c5 2.Nf3 d6 3.d4 cxd4 4.Nxd4 Nf6 5.Nc3 a6 6.Be2 e6 7.f4 Be7 8.O-O Qc7
9.Kh1 O-O 10.a4 b6 11.e5 dxe5 12.fxe5 Nfd7 13.Bf3 Bb7 14.Bxb7 Qxb7 15.Bf4  1/2-1/2

[Event "Leon"]
[Site "Leon"]
[Date "1992.??.??"]
[Round "8"]
[White "Yudasin, Leonid"]
[Black "De la Villa Garcia, Jesus Maria"]
[Result "1-0"]
[WhiteElo "2580"]
[BlackElo "2450"]

1.e4 e6 2.d4 d5 3.Nd2 Nf6 4.e5 Nfd7 5.c3 c5 6.f4 Nc6 7.Ndf3 Qb6 8.h4 cxd4
9.cxd4 Bb4+ 10.Kf2 f6 11.Be3 Be7 12.Qd2 O-O 13.Rd1 a5 14.Ne2 a4 15.a3 Na5
16.Nc3 fxe5 17.dxe5 Nb3 18.Nxd5 Qxe3+ 19.Qxe3 Bc5 20.Nc7 Bxe3+ 21.Kxe3 Ra5
22.Rd6 Ndc5 23.Bc4 h6 24.Rhd1 Kf7 25.f5 Ke7 26.fxe6 b5 27.Nd5+ Ke8 28.e7  1-0

[Event "Leon"]
[Site "Leon"]
[Date "1992.??.??"]
[Round "9"]
[White "Franco Ocampo, Zenon"]
[Black "Yudasin, Leonid"]
[Result "1/2-1/2"]
[WhiteElo "2520"]
[BlackElo "2580"]

1.d4 Nf6 2.Nf3 e6 3.c4 b6 4.e3 Bb7 5.Bd3 d5 6.O-O Bd6 7.Nc3 O-O 8.b3 Nbd7
9.Bb2 a6 10.Rc1 Ne4 11.Ne2 Qf6 12.Ng3 Nxg3 13.hxg3 Rfe8 14.Qc2 Qh6 15.Rfd1 Rad8
16.e4 dxe4 17.Bxe4 Bxe4 18.Qxe4 Nf6 19.Qc6 Bxg3 20.fxg3 Qe3+ 21.Kh1 Qh6+
22.Kg1  1/2-1/2

[Event "Madrid"]
[Site "Madrid"]
[Date "1992.??.??"]
[Round "2"]
[White "Yudasin, Leonid"]
[Black "San Segundo, Pablo"]
[Result "0-1"]
[WhiteElo "2580"]
[BlackElo "2415"]

1.e4 c5 2.Nf3 Nc6 3.d4 cxd4 4.Nxd4 Nf6 5.Nc3 e5 6.Ndb5 d6 7.Bg5 a6 8.Na3 b5
9.Nd5 Qa5+ 10.Bd2 Qd8 11.Nxf6+ Qxf6 12.c4 Qg6 13.f3 Be7 14.Kf2 O-O 15.cxb5 Nd4
16.Nc2 d5 17.Nxd4 Bc5 18.Be3 exd4 19.Bxd4 Qb6 20.Ke3 dxe4 21.Bxc5 Qxc5+ 22.Qd4 Qe7
23.Kf2 exf3 24.Re1 Be6 25.gxf3 Rfd8 26.Qf4 axb5 27.Kg3 Rxa2 28.Bxb5 Rxb2
29.Bc4 Qc5 30.Bxe6 Qf2+ 31.Kh3 fxe6 32.Rhg1 Rd5 33.Qg3 Rh5+ 34.Kg4 Qc5  0-1

[Event "Madrid"]
[Site "Madrid"]
[Date "1992.??.??"]
[Round "4"]
[White "Yudasin, Leonid"]
[Black "Magem Badals, Jorge"]
[Result "1/2-1/2"]
[WhiteElo "2580"]
[BlackElo "2515"]

1.e4 c6 2.d4 d5 3.Nc3 dxe4 4.Nxe4 Bf5 5.Ng3 Bg6 6.h4 h6 7.Nf3 Nf6 8.Ne5 Bh7
9.Bc4 e6 10.Qe2 Nd5 11.c3 Nd7 12.Bd2 Nxe5 13.Qxe5 Qb6 14.b3 O-O-O 15.O-O Rg8
16.Qh5 Qc7 17.Qf3 g5 18.h5 Bd6 19.Ne4 Bxe4 20.Qxe4 Bf4 21.Be1 Nf6 22.Qe2 g4
23.g3 Bd6 24.b4 Nxh5 25.Kg2 Nf6 26.Rh1 h5 27.Bd2 e5 28.Be3 Kb8  1/2-1/2

[Event "Madrid"]
[Site "Madrid"]
[Date "1992.??.??"]
[Round "7"]
[White "Epishin, Vladimir"]
[Black "Yudasin, Leonid"]
[Result "1/2-1/2"]
[WhiteElo "2620"]
[BlackElo "2580"]

1.d4 Nf6 2.c4 e6 3.Nf3 b6 4.g3 Ba6 5.b3 d5 6.Bg2 Nbd7 7.cxd5 Bb4+ 8.Bd2 Bxd2+
9.Qxd2 Nxd5 10.Nc3 Bb7 11.O-O O-O 12.Rac1 Rc8 13.Nb5 a5 14.Na7 Ra8 15.Nc6 Qe8
16.e4 N5f6 17.Rfe1 Nb8 18.Nxb8 Rxb8 19.Qc2 h6 20.Ne5 Rc8 21.d5 Nd7 22.Nc4 exd5
23.exd5 Qd8 24.Qf5 Nf6 25.Rcd1 Re8 26.Rxe8+ Qxe8 27.Ne3 Rd8 28.Rc1 Qd7 29.Qe5 Nxd5
30.Bxd5 Bxd5 31.Nxd5  1/2-1/2

[Event "Madrid"]
[Site "Madrid"]
[Date "1992.??.??"]
[Round "9"]
[White "Karpov, Anatoly"]
[Black "Yudasin, Leonid"]
[Result "1/2-1/2"]
[WhiteElo "2725"]
[BlackElo "2580"]

1.d4 Nf6 2.c4 e6 3.Nf3 d5 4.Nc3 dxc4 5.Qa4+ c6 6.Qxc4 b5 7.Qd3 Ba6 8.Ne4 Qa5+
9.Bd2 b4 10.Nxf6+ gxf6 11.Qc2 Be7 12.a3 Qb6 13.Bxb4 Bxb4+ 14.axb4 Qxb4+ 15.Qc3 Qxc3+
16.bxc3 Ke7 17.Kd2 c5 18.e3 Bxf1 19.Rhxf1 cxd4 20.cxd4 Nd7 21.Rfb1 Rhb8 22.Rxb8 Nxb8
23.Ra5 Nc6 24.Rc5 Rc8 25.Ne1 Kd6 26.Rh5 Rh8 27.g4 Nb4 28.Rb5 Nc6 29.Nd3 e5
30.d5 Rb8 31.Rc5 Nb4 32.e4 Nxd3 33.Rc6+ Ke7 34.Kxd3 Rb2 35.Ke3 Rb3+ 36.Ke2 a5
37.Rc7+ Ke8 38.Ra7 Rb4 39.Kd3 Rd4+ 40.Ke3 Ra4 41.h4 Ra3+ 42.Ke2 h5 43.g5 fxg5
44.hxg5 h4 45.d6 Ra2+ 46.Ke3 Ra3+ 47.Ke2 Ra2+ 48.Kf3 h3 49.Kg3 h2 50.Ra8+ Kd7
51.Rh8 Kxd6 52.Rxh2 a4 53.Rh7 Ke6 54.Rh6+ Ke7 55.Ra6 a3 56.f3 Ra1 57.Kg4 a2
58.Kf5 Rf1 59.Rxa2 Rxf3+ 60.Kxe5 Rg3 61.Kf4 Rg1 62.Ra3 Ke6  1/2-1/2

[Event "Moscow Tal mem"]
[Site "Moscow"]
[Date "1992.??.??"]
[Round "?"]
[White "Yudasin, Leonid"]
[Black "Yagupov, Igor"]
[Result "1/2-1/2"]
[WhiteElo "2635"]
[BlackElo "2400"]

1.e4 c5 2.Nf3 Nc6 3.d4 cxd4 4.Nxd4 Nf6 5.Nc3 e6 6.Ndb5 d6 7.Bf4 e5 8.Bg5 a6
9.Na3 b5 10.Nd5 Be7 11.Nxe7 Nxe7 12.Qf3 Bg4 13.Qg3 Be6 14.Bd3 Ng6 15.Qf3 d5
16.c3 h6 17.Bxf6 Qxf6 18.Qxf6 gxf6 19.g3 dxe4 20.Bxe4 Rb8 21.Nc2 f5 22.Bg2 a5
23.O-O f4 24.Rfe1 Ke7 25.b4 fxg3 26.hxg3 axb4 27.Nxb4 Rbc8 28.Re3 h5 29.Bc6 h4
30.Bxb5 hxg3 31.fxg3 f5 32.Rae1 Kf6 33.a4 Rcg8 34.Bc6 f4 35.Rd3 Ne7 36.Bg2 Nf5
37.gxf4 exf4 38.Re4 Rg4 39.Rf3 Rhh4 40.a5 Ng3 41.Re1 Bc4 42.Kf2 Kf5 43.Nc6 Ne4+
44.Rxe4 Rxg2+ 45.Kxg2 Kxe4 46.Nd4 Rh5 47.Kf2 Rxa5 48.Rh3 Ra2+ 49.Ke1 Ra1+
50.Kd2 Rg1 51.Rh8 Rg2+ 52.Ke1 Bd5 53.Re8+ Kd3 54.Ne2  1/2-1/2

[Event "Moscow Tal mem"]
[Site "Moscow"]
[Date "1992.??.??"]
[Round "?"]
[White "Yudasin, Leonid"]
[Black "Vaisser, Anatoli"]
[Result "1/2-1/2"]
[WhiteElo "2635"]
[BlackElo "2540"]

1.e4 e6 2.d4 d5 3.Nc3 Nf6 4.e5 Nfd7 5.f4 c5 6.Nf3 Nc6 7.Be3 a6 8.a3 cxd4
9.Nxd4 Bc5 10.Nce2 Qe7 11.g3 f6 12.exf6 Nxf6 13.Bg2 Ng4 14.Bg1 e5 15.fxe5 Ngxe5
16.Nxc6 bxc6 17.Bxc5 Qxc5 18.Qd4 Qxd4 19.Nxd4 Ke7 20.O-O-O Kd6 21.b3 Bg4
22.Rd2 Rhf8 23.h3 Bf3 24.Nxf3 Nxf3 25.Rf2 Ne5 26.Rhf1 Rxf2 27.Rxf2 a5 28.Rf4 Ra7
29.Kd2 a4 30.Rxa4 Nc4+ 31.Kc3 Rxa4 32.bxa4 Kc5 33.Bf1 Nxa3 34.Bd3 h6 35.h4 Nb1+
36.Kb2 Nd2 37.a5 Nf3 38.h5 Ne5 39.Kc3 d4+ 40.Kd2 Kd6 41.c3 c5 42.cxd4 cxd4
43.a6 Kc6 44.Kc2 Kb6 45.Bb5 Ka7 46.Kb3 Kb6 47.Kb4 g6 48.hxg6 Nxg6 49.Kc4 h5
50.Kxd4 h4 51.g4 h3 52.Bd3 h2 53.Be4 Kxa6 54.Kc5 Nf4 55.Kd6 Nh3  1/2-1/2

[Event "Moscow Tal mem"]
[Site "Moscow"]
[Date "1992.??.??"]
[Round "?"]
[White "Yudasin, Leonid"]
[Black "Nikolaev, Sergej"]
[Result "1-0"]
[WhiteElo "2635"]
[BlackElo "2370"]

1.e4 c5 2.Nf3 e6 3.d4 cxd4 4.Nxd4 a6 5.Bd3 Nf6 6.O-O Qc7 7.Nc3 Bd6 8.Kh1 Nc6
9.Nb3 Be7 10.f4 d6 11.Qf3 O-O 12.Be3 b5 13.Rad1 Bb7 14.Qh3 Nb4 15.Nd4 d5
16.e5 Ne4 17.Bxe4 dxe4 18.Nxe6 Qc8  1-0

[Event "Moscow Tal mem"]
[Site "Moscow"]
[Date "1992.??.??"]
[Round "?"]
[White "Gurevich, Dmitry"]
[Black "Yudasin, Leonid"]
[Result "1/2-1/2"]
[WhiteElo "2490"]
[BlackElo "2635"]

1.d4 Nf6 2.c4 e6 3.g3 c5 4.Nf3 cxd4 5.Nxd4 Qc7 6.Nc3 Qxc4 7.e4 Qb4 8.Bg2 Nc6
9.Nb5 Qa5 10.Bf4 e5 11.Bg5 a6 12.Nd6+ Bxd6 13.Qxd6 Qb4 14.Qd2 d6 15.O-O Be6
16.a3 Qd4 17.Qc1 Qb6 18.Bxf6 gxf6 19.Qh6 Ke7 20.Kh1 Rhg8 21.f4 Rg6 22.Qh4 exf4
23.Qxf4 h5 24.Nd5+ Bxd5 25.exd5 Ne5 26.Rac1 Ng4 27.Bf3 Qxb2 28.Rc7+ Kf8 29.Qxd6+ Kg7
30.Rxf7+  1/2-1/2

[Event "Oviedo rapid45"]
[Site "Oviedo"]
[Date "1992.??.??"]
[Round "2"]
[White "Garcia Carbo, Marcial"]
[Black "Yudasin, Leonid"]
[Result "0-1"]
[WhiteElo "2300"]
[BlackElo "2580"]

1.e4 c5 2.Nf3 d6 3.d4 cxd4 4.Nxd4 Nf6 5.Nc3 a6 6.Be3 e6 7.Qd2 b5 8.f3 Nbd7
9.O-O-O Bb7 10.g4 Nb6 11.Bd3 Rc8 12.Rhe1 Be7 13.g5 Nfd7 14.f4 b4 15.Nce2 d5
16.e5 g6 17.f5 gxf5 18.Nf4 Nc5 19.Nh5 Nc4 20.Bxc4 dxc4 21.Nf6+ Bxf6 22.gxf6 c3
23.Qe2 cxb2+ 24.Kb1 Ne4 25.Nb5 Bd5 26.Bd4 axb5 27.Qxb5+ Qd7 28.Qxb4 Qb7 29.Qa3 Ra8  0-1

[Event "Oviedo rapid45"]
[Site "Oviedo"]
[Date "1992.??.??"]
[Round "3"]
[White "Yudasin, Leonid"]
[Black "Polgar, Sofia"]
[Result "1-0"]
[WhiteElo "2580"]
[BlackElo "2415"]

1.e4 c5 2.Nf3 d6 3.d4 cxd4 4.Nxd4 Nf6 5.Nc3 a6 6.Bg5 e6 7.f4 Qc7 8.Bxf6 gxf6
9.Qd2 Nc6 10.O-O-O Bd7 11.Nb3 b5 12.Kb1 h5 13.f5 Ne5 14.fxe6 fxe6 15.Nd4 b4
16.Nce2 Bh6 17.Nf4 Bxf4 18.Qxf4 Ke7 19.Be2 Ng6 20.Qg3 h4 21.Qf2 Qc5 22.Rhf1 Rhf8
23.Rd2 a5 24.Rfd1 Rfc8 25.Qe3 Kf7 26.Rf1 Kg7 27.Bg4 Re8 28.Rdf2 Qe5 29.Nf3 Qc5
30.Qd2 Bb5 31.Rd1 a4 32.Nd4 Bd7 33.Rdf1 Qe5 34.Rxf6 Qxf6 35.Rxf6 Kxf6 36.Qxb4 Ne5
37.Qxd6 Rad8 38.Nf3 Ng6 39.e5+ Kg7 40.Qc7 Kh6 41.Kc1 Bb5 42.Qb6 Bc4 43.Qe3+ Kg7
44.Bh5 Rc8 45.Bxg6 Kxg6 46.Qg5+ Kf7 47.Qf6+ Kg8 48.Ng5 Bd3 49.c3 a3  1-0

[Event "Oviedo rapid45"]
[Site "Oviedo"]
[Date "1992.??.??"]
[Round "5"]
[White "Yudasin, Leonid"]
[Black "Flear, Glenn C"]
[Result "1/2-1/2"]
[WhiteElo "2580"]
[BlackElo "2495"]

1.e4 e5 2.Nf3 Nc6 3.Bc4 Nf6 4.d3 Bc5 5.c3 a6 6.O-O d6 7.Bb3 Ba7 8.Re1 O-O
9.Bg5 Kh8 10.Nbd2 h6 11.Bh4 g5 12.Bg3 Bg4 13.Nf1 Qe7 14.Ne3 Bxe3 15.Rxe3 Rad8
16.h3 Bc8 17.d4 Na5 18.dxe5 dxe5 19.Qe2 Nxb3 20.axb3 Nd7 21.b4 f6 22.Nd2 Rfe8
23.Rd3 Nf8 24.Nc4 Rxd3 25.Qxd3 Rd8 26.Qe2 Ng6 27.Rd1 Kg7 28.Ne3 Be6 29.Nf5+ Bxf5
30.exf5 Rxd1+ 31.Qxd1 Nf8 32.f3 Qd7 33.Qxd7+ Nxd7 34.Bf2 Nb8 35.h4 Nc6 36.Kf1 Ne7
37.g4 Nd5 38.hxg5 hxg5 39.Ke2 Kf7 40.Kd3 Ke7 41.Bc5+ Ke8 42.Ke4 Nf4 43.Be3 Ke7
44.c4 Kd7 45.Bxf4 exf4 46.Kd5 c6+ 47.Kc5 Kc7 48.b5 b6+ 49.Kd4 axb5 50.cxb5 Kd6
51.bxc6 Kxc6 52.Kc4 b5+ 53.Kd4 Kd6  1/2-1/2

[Event "Oviedo rapid45"]
[Site "Oviedo"]
[Date "1992.??.??"]
[Round "6"]
[White "Arkell, Keith C"]
[Black "Yudasin, Leonid"]
[Result "1/2-1/2"]
[WhiteElo "2460"]
[BlackElo "2580"]

1.d4 Nf6 2.Nf3 e6 3.c4 c5 4.d5 exd5 5.cxd5 d6 6.Nc3 g6 7.g3 Bg7 8.Bg2 O-O
9.O-O Nbd7 10.Nd2 Re8 11.a4 a6 12.Nc4 Nb6 13.Na3 Bd7 14.Bd2 Nxa4 15.Nxa4 b5
16.Nc3 b4 17.Nc4 bxc3 18.Bxc3 Bb5 19.b3 Ng4 20.Bxg7 Kxg7 21.h3 Ne5 22.Na5 h5
23.Re1 Qf6 24.Qd2 h4 25.g4 g5 26.Ra2 Ng6 27.e3 Ne5 28.Qb2 Rab8 29.Qa1 Rb6
30.Rd1 Kg8 31.Nc6 Ng6 32.b4 cxb4 33.Qd4 b3 34.Rb2 Rb7 35.Ne5 dxe5 36.Qc3 e4
37.Rxb3 Rd7 38.Rd4 Bd3 39.Qc5 Qd6 40.Qxd6 Rxd6 41.Bf1 Bxf1 42.Kxf1 Re5  1/2-1/2

[Event "Oviedo rapid45"]
[Site "Oviedo"]
[Date "1992.??.??"]
[Round "11"]
[White "Yudasin, Leonid"]
[Black "Polgar, Zsuzsa"]
[Result "1/2-1/2"]
[WhiteElo "2580"]
[BlackElo "2530"]

1.e4 c5 2.Nf3 Nc6 3.d4 cxd4 4.Nxd4 g6 5.c4 Nf6 6.Nc3 Nxd4 7.Qxd4 d6 8.Be2 Bg7
9.Bg5 O-O 10.Qd2 Be6 11.Rc1 Qa5 12.f3 Rfc8 13.b3 a6 14.h4 Nh5 15.Nd5 Qxd2+
16.Kxd2 Bxd5 17.exd5 h6 18.Be3 Ng3 19.Rh3 Nxe2 20.Kxe2 b5 21.h5 bxc4 22.hxg6 fxg6
23.bxc4 Rab8 24.Rc2 h5 25.Rh1 Rb4 26.Kd3 Rcb8 27.Bd4 Bxd4 28.Kxd4  1/2-1/2

[Event "Pamplona"]
[Site "Pamplona"]
[Date "1992.??.??"]
[Round "1"]
[White "Yudasin, Leonid"]
[Black "Lautier, Joel"]
[Result "0-1"]
[WhiteElo "2635"]
[BlackElo "2580"]

1.e4 c5 2.Nf3 e6 3.d4 cxd4 4.Nxd4 Nc6 5.Nb5 d6 6.c4 Nf6 7.N1c3 a6 8.Na3 Be7
9.Be2 O-O 10.O-O b6 11.Be3 Bb7 12.Qb3 Nd7 13.Rfd1 Nc5 14.Qc2 Qc7 15.Rac1 Rac8
16.Nab1 Nb4 17.Qd2 Qb8 18.f3 Rfd8 19.Bg5 Bxg5 20.Qxg5 Nc6 21.Rc2 e5 22.Nd5 Ne6
23.Qe3 Ncd4 24.Rcd2 Bxd5 25.cxd5 Nc5 26.b4 Na4 27.Bxa6 Rc7 28.Bf1 b5 29.Rf2 Rdc8
30.f4 Nc3 31.Nxc3 Rxc3 32.Rd3 Rc1 33.g3 R8c4 34.a3 Qc8 35.fxe5 dxe5 36.Kg2 Ra1
37.Qg5 f6 38.Rxf6 Rc2+ 39.Kg1 Qh3  0-1

[Event "Pamplona"]
[Site "Pamplona"]
[Date "1992.??.??"]
[Round "4"]
[White "Romero Holmes, Alfonso"]
[Black "Yudasin, Leonid"]
[Result "1/2-1/2"]
[WhiteElo "2470"]
[BlackElo "2635"]

1.e4 c5 2.Nc3 Nc6 3.Nf3 Nf6 4.d4 cxd4 5.Nxd4 d6 6.Bg5 e6 7.Qd2 Be7 8.O-O-O O-O
9.Nb3 a6 10.f4 b5 11.Bxf6 gxf6 12.f5 Kh8 13.Ne2 Bd7 14.Nf4 Rc8 15.fxe6 fxe6
16.Ng6+ Kg8 17.Nxf8 Bxf8 18.Nc5 Ne5 19.Nxd7 Qxd7 20.Kb1 Qc6 21.Bd3 Bg7 22.h4 Qc5
23.Be2 a5 24.Qc3 Qxc3 25.bxc3 Bf8 26.Bxb5 Rxc3 27.Rh3 Rc5 28.Rb3 Be7 29.Be2 Nc4
30.Rd4 Ne5 31.Rb5 Rc8 32.Rb7 Kf8 33.Ra4 Ra8 34.Bc4 Kf7 35.Bf1 h6 36.Ra3 f5
37.exf5 exf5 38.Rc3 Ke6 39.g3 Bf6 40.Bc4+ Nxc4 41.Rxc4 Be5 42.Rh7 Bxg3 43.Kc1 Ke5
44.Kd2 d5 45.Ra4 f4 46.Ke2 Rc8 47.Rxa5 Rxc2+ 48.Kf3 Bxh4 49.Rxh6 Rc3+ 50.Kg4 Bd8
51.Rh5+ Ke4 52.Ra4+ d4 53.Rxd4+ Kxd4 54.Kxf4 Ra3 55.Rh7 Kc4 56.Rd7 Bb6 57.Ke5 Rxa2
58.Rd1 Re2+ 59.Kf4 Bd4 60.Kf3 Re3+ 61.Kg2 Kd5 62.Rh1 Re2+ 63.Kf3 Rf2+ 64.Kg3 Rf8
65.Rh7 Be5+ 66.Kg2 Ke4 67.Re7 Ra8 68.Kf2 Ra2+ 69.Ke1 Kd4 70.Kf1 Bf4 71.Re2 Ra8
72.Re7 Be3 73.Ke2 Ra2+ 74.Kf3 Rf2+ 75.Kg3 Rf8 76.Rd7+ Ke4 77.Re7+ Kd3 78.Kg4 Rf4+
79.Kh5 Rf6 80.Kg4 Bc5 81.Re8 Kd4 82.Rd8+ Bd6 83.Kg5 Re6 84.Kf5 Kd5 85.Rh8 Re5+
86.Kg4 Ke4 87.Rh1 Bc5  1/2-1/2

[Event "Pamplona"]
[Site "Pamplona"]
[Date "1992.??.??"]
[Round "6"]
[White "Yudasin, Leonid"]
[Black "Sokolov, Ivan"]
[Result "1/2-1/2"]
[WhiteElo "2635"]
[BlackElo "2625"]

1.e4 e5 2.Nf3 Nc6 3.Bc4 Nf6 4.d3 Bc5 5.c3 a6 6.O-O d6 7.Bb3 Ba7 8.Nbd2 h6
9.a4 O-O 10.Re1 Re8 11.h3 Be6 12.a5 d5 13.exd5 Bxd5 14.Ne4 Be6 15.Nxf6+ Qxf6
16.Be3 Bxe3 17.Rxe3 Bxb3 18.Qxb3 Qe6 19.Nd2 Qxb3 20.Nxb3 b6 21.axb6 cxb6
22.Nd2 f6 23.Nc4  1/2-1/2

[Event "Pamplona"]
[Site "Pamplona"]
[Date "1992.??.??"]
[Round "7"]
[White "Illescas Cordoba, Miguel"]
[Black "Yudasin, Leonid"]
[Result "1-0"]
[WhiteElo "2600"]
[BlackElo "2635"]

1.Nf3 c5 2.c4 Nc6 3.d4 cxd4 4.Nxd4 Nf6 5.Nc3 e6 6.g3 Qb6 7.Nb3 Bb4 8.Bg2 Ne5
9.c5 Bxc5 10.Nxc5 Qxc5 11.O-O d5 12.e4 dxe4 13.Nxe4 Nxe4 14.Bxe4 O-O 15.Bf4 f5
16.Rc1 Qa5 17.b4 Qxb4 18.Bxe5 Qxe4 19.Re1 Qd5 20.Rc7 Rf7 21.Rxf7 Kxf7 22.Qh5+ Kf8
23.Qxh7 Bd7 24.Qxg7+ Ke8 25.Bf6 Qd6 26.Qg6+ Kf8 27.Qg7+ Ke8 28.Qg8+  1-0

[Event "Pamplona"]
[Site "Pamplona"]
[Date "1992.??.??"]
[Round "8"]
[White "Yudasin, Leonid"]
[Black "Garcia Ilundain, David"]
[Result "1-0"]
[WhiteElo "2635"]
[BlackElo "2435"]

1.e4 c5 2.Nf3 d6 3.d4 cxd4 4.Nxd4 Nf6 5.Nc3 Nc6 6.Bc4 e6 7.Be3 a6 8.Qe2 Na5
9.Bd3 Be7 10.O-O-O O-O 11.g4 b5 12.g5 Nd7 13.f4 Nc5 14.h4 b4 15.Nb1 Qc7 16.Nd2 Nxd3+
17.Qxd3 Bd7 18.Kb1 Rfc8 19.Rc1 Bf8 20.Qe2 e5 21.N4f3 Nc4 22.f5 Rab8 23.Nxc4 Qxc4
24.Qxc4 Rxc4 25.Nd2 Rc7 26.h5 d5 27.h6 gxh6 28.Rcg1 h5 29.Rxh5 Rbc8 30.g6 hxg6
31.fxg6 fxg6 32.Rxg6+ Kf7 33.Rg1 d4 34.Bh6 Bxh6 35.Rxh6 Rxc2 36.Nf3 R2c5
37.Rh7+  1-0

[Event "Pamplona"]
[Site "Pamplona"]
[Date "1992.??.??"]
[Round "9"]
[White "Kramnik, Vladimir"]
[Black "Yudasin, Leonid"]
[Result "1/2-1/2"]
[WhiteElo "2625"]
[BlackElo "2635"]

1.d4 Nf6 2.c4 e6 3.Nf3 d5 4.Nc3 Bb4 5.Bg5 dxc4 6.e4 b5 7.a4 c6 8.e5 h6 9.exf6 hxg5
10.fxg7 Rg8 11.h4 g4 12.Ne5 Rxg7 13.h5 f5 14.Be2 Qg5 15.Kf1 Bb7 16.axb5 Bxc3
17.bxc6 Nxc6 18.bxc3 Nxe5 19.dxe5 Bd5 20.Qa4+ Kf8 21.Bxc4 Qd2 22.Bxd5 Qxd5
23.Qd4 Qxd4 24.cxd4 Rd7 25.Ra4 Rad8 26.h6 Rxd4 27.Rxd4 Rxd4 28.Rh5 Kg8 29.h7+ Kh8
30.Rh6 Re4 31.Rxe6 Kxh7  1/2-1/2

[Event "Ponferrada op"]
[Site "Ponferrada"]
[Date "1992.??.??"]
[Round "?"]
[White "Yudasin, Leonid"]
[Black "Frois, Antonio"]
[Result "1-0"]
[WhiteElo "2580"]
[BlackElo "2380"]

1.e4 c5 2.Nf3 Nc6 3.d4 cxd4 4.Nxd4 g6 5.c4 Nf6 6.Nc3 d6 7.Be2 Bg7 8.Be3 O-O
9.O-O Nxd4 10.Bxd4 a6 11.f4 Bd7 12.e5 dxe5 13.fxe5 Ne8 14.Nd5 Nc7 15.Nb6 Rb8
16.Bc3 Bc6 17.Bf3 Ne6 18.Qxd8 Rfxd8 19.Bd5 Bh6 20.Rfe1 Nc5 21.Rad1 e6 22.Bd4 Bf8
23.Bf3 Na4 24.Bxc6 Rxd4 25.Nd7 Rxd1 26.Rxd1  1-0

[Event "Ponferrada op"]
[Site "Ponferrada"]
[Date "1992.??.??"]
[Round "?"]
[White "Campora, Daniel H"]
[Black "Yudasin, Leonid"]
[Result "1-0"]
[WhiteElo "2550"]
[BlackElo "2580"]

1.e4 c5 2.f4 Nc6 3.Nf3 g6 4.Bb5 Bg7 5.Bxc6 dxc6 6.d3 Nf6 7.O-O O-O 8.Qe1 Ne8
9.Qh4 Nd6 10.Nbd2 e6 11.Qxd8 Rxd8 12.e5 Nf5 13.Ne4 b6 14.b3 Nd4 15.Rf2 a5
16.a4 Ba6 17.Ne1 Rf8 18.Be3 f6 19.Bxd4 cxd4 20.exf6 Bxf6 21.Nf3 c5 22.Nxf6+ Rxf6
23.Ne5 Rd8 24.g4 Kg7 25.h4 Rd6 26.Kh2 Rf8 27.Kg3 Ra8 28.Rh2 h5 29.gxh5 gxh5
30.Rg1 Rf8 31.Kh3+ Kf6 32.Rhg2 Rdd8 33.Rg7 Bc8 34.R1g6+ Kf5 35.Kg3 Rd5 36.Rh7  1-0

[Event "Ponferrada op"]
[Site "Ponferrada"]
[Date "1992.??.??"]
[Round "?"]
[White "Yudasin, Leonid"]
[Black "Bernal Moro, Luis Javier"]
[Result "1-0"]
[WhiteElo "2580"]
[BlackElo "2395"]

1.e4 c5 2.Nf3 d6 3.c3 Nf6 4.Be2 g6 5.O-O Bg7 6.Re1 O-O 7.Bf1 Nc6 8.h3 e5
9.d3 h6 10.a3 d5 11.Qc2 Be6 12.b4 cxb4 13.axb4 a6 14.Nbd2 Qc7 15.Qb1 Rfd8
16.Nb3 b6 17.Bd2 dxe4 18.dxe4 a5 19.b5 Nb8 20.c4 Nbd7 21.Be3 Bf8 22.Rc1 a4
23.Nbd2 Kh7 24.Qc2 a3 25.Nb1 Bc5 26.Bxc5 Qxc5 27.Nfd2 Qd4 28.Nc3 Nc5 29.Rd1 Qd7
30.Nd5 Bxd5 31.cxd5 Rdc8 32.Re1 Nb7 33.Qd3 Nd6 34.Rxa3 Rxa3 35.Qxa3 Qc7 36.Re3 Kg7
37.Qa1 Qc1 38.Qxe5 Qxd2 39.Qxd6 Rc1 40.Qe5 Qd1 41.Rf3  1-0

[Event "Ponferrada op"]
[Site "Ponferrada"]
[Date "1992.??.??"]
[Round "?"]
[White "Yudasin, Leonid"]
[Black "Zlotnik, Boris A"]
[Result "1-0"]
[WhiteElo "2580"]
[BlackElo "2455"]

1.e4 e6 2.d4 d5 3.Nd2 c5 4.exd5 exd5 5.Bb5+ Bd7 6.Bxd7+ Nxd7 7.dxc5 Nxc5
8.Nb3 Ne4 9.Ne2 Ngf6 10.Be3 Be7 11.Qd3 O-O 12.Nf4 Rc8 13.c3 Nc5 14.Nxc5 Bxc5
15.O-O-O Bxe3+ 16.Qxe3 Rc4 17.g3 Qa5 18.Kb1 Ra4 19.a3 Qb5 20.Qd3 Qb6 21.Nxd5 Nxd5
22.Qxd5 Rxa3 23.Qd6 Rb3 24.Qxb6 Rxb6 25.Rhe1 Rf6 26.f4 a6 27.Re7 b5 28.Ka2 h6
29.Kb3 Rc8 30.Rd4 g5 31.fxg5 hxg5 32.Re5 Rg6 33.Rg4 f6 34.Re6 a5 35.h4 Kf7
36.Ra6 Rc4 37.Ra7+ Ke6 38.h5 Rh6 39.Rxg5 a4+ 40.Ka3 fxg5 41.Ra6+ Kf5 42.Rxh6 Kg4
43.Rb6 Kxh5 44.Rxb5 Rg4 45.Rb8 Kg6 46.Rc8 Kf7 47.c4 Rxg3+ 48.Kxa4 g4 49.Rd8 Rg2
50.b4 g3 51.Rd3 Ra2+ 52.Kb5 g2 53.Rg3 Ke6 54.c5 Rb2 55.c6 Kd6 56.Rg6+ Kc7
57.Rg7+ Kb8 58.Kc5 Ka8 59.b5  1-0

[Event "Sevilla op"]
[Site "Sevilla"]
[Date "1992.??.??"]
[Round "3"]
[White "Maric, Alisa"]
[Black "Yudasin, Leonid"]
[Result "0-1"]
[WhiteElo "2400"]
[BlackElo "2580"]

1.d4 Nf6 2.c4 e6 3.Nc3 c5 4.d5 exd5 5.cxd5 d6 6.e4 g6 7.Nf3 a6 8.a4 Bg4 9.Be2 Bxf3
10.Bxf3 Bg7 11.O-O Nbd7 12.Bf4 Qe7 13.Re1 O-O 14.Rc1 Rfe8 15.b3 Rab8 16.Be2 Qf8
17.Qc2 h5 18.Bf1 Bh6 19.Bxh6 Qxh6 20.Rcd1 h4 21.Nb1 Re7 22.Nd2 Rbe8 23.Nc4 Rxe4
24.Rxe4 Nxe4 25.Bd3 Ndf6 26.Re1 b5 27.axb5 axb5 28.Nb2 b4 29.Bxe4 Rxe4 30.Rxe4 Nxe4
31.Nc4 Qf4 32.f3 Nc3 33.Qd3 Kf8 34.Ne3 h3 35.Nc4 Qc1+ 36.Qf1 Qxf1+ 37.Kxf1 hxg2+
38.Kxg2 Ke7 39.Ne3 Ne2 40.Kf2 Nd4  0-1

[Event "Sevilla op"]
[Site "Sevilla"]
[Date "1992.??.??"]
[Round "6"]
[White "Yudasin, Leonid"]
[Black "Oll, Lembit"]
[Result "1/2-1/2"]
[WhiteElo "2580"]
[BlackElo "2600"]

1.e4 c5 2.Nf3 d6 3.d4 cxd4 4.Nxd4 Nf6 5.Nc3 a6 6.Bg5 e6 7.f4 Qb6 8.Nb3 Be7
9.Be2 Nbd7 10.Qd3 Qc7 11.Bf3 Rb8 12.O-O-O b5 13.Bxf6 Nxf6 14.g4 b4 15.Ne2 e5
16.f5 Nd7 17.Kb1 a5 18.Ng3 a4 19.Nd2 O-O 20.h4 a3 21.b3 Ba6 22.Qxa6 Qc3 23.Nc4 Nc5
24.Qa7 Qxf3 25.Qxe7 Qxg3 26.Rhg1 Qf3 27.Rgf1 Qg3 28.Rg1 Qf3 29.Rgf1 Qg3  1/2-1/2

[Event "Sevilla op"]
[Site "Sevilla"]
[Date "1992.??.??"]
[Round "7"]
[White "Gulko, Boris F"]
[Black "Yudasin, Leonid"]
[Result "1/2-1/2"]
[WhiteElo "2560"]
[BlackElo "2580"]

1.c4 c5 2.Nf3 Nf6 3.Nc3 Nc6 4.g3 d5 5.cxd5 Nxd5 6.Bg2 Nc7 7.d3 e5 8.Nd2 Bd7
9.O-O Be7 10.a4 O-O 11.Nc4 f6 12.f4 exf4 13.Bxf4 Ne6 14.Bd2 Kh8 15.Nd5 Rb8
16.Bc3 Ng5 17.h4 Nf7 18.e3 Nh6 19.Rf4 Be6 20.Qf3 Qd7 21.Rf1 Rbd8 22.Nxe7 Qxe7
23.Qe2 Qd7 24.Be4 Bd5 25.g4 Kg8 26.g5 Bxe4 27.dxe4 fxg5 28.hxg5 Nf7 29.Rf5 Qe7
30.Qg2 Qe6 31.Rxc5 Ne7 32.Rc7  1/2-1/2

[Event "Sevilla op"]
[Site "Sevilla"]
[Date "1992.??.??"]
[Round "8"]
[White "Yudasin, Leonid"]
[Black "Franco Ocampo, Zenon"]
[Result "1-0"]
[WhiteElo "2580"]
[BlackElo "2520"]

1.e4 c5 2.Nf3 Nc6 3.d4 cxd4 4.Nxd4 e6 5.Nb5 d6 6.c4 Nf6 7.N1c3 a6 8.Na3 b6
9.Be2 Bb7 10.O-O Be7 11.Be3 Nb8 12.f3 Nbd7 13.Qd2 O-O 14.Rfd1 Rc8 15.Rac1 Qc7
16.Kh1 Rfe8 17.Bf1 Qb8 18.Rc2 h6 19.Qf2 Bd8 20.Qg3 Kh7 21.Qxd6 Bc7 22.Qd3 Ne5
23.Qe2 Ng6 24.g3 Nh5 25.f4 Bxf4 26.gxf4 Nhxf4 27.Bxf4 Nxf4 28.Qe3 f5 29.Rf2 Ng6
30.Kg1 Rc5 31.Nab1 Re5 32.Bg2 b5 33.cxb5 axb5 34.Qb6 fxe4 35.Rf7 Bd5 36.Qxb8 Rxb8
37.Nxd5 exd5 38.Nc3 Ne7 39.Nxd5  1-0

[Event "Sevilla op"]
[Site "Sevilla"]
[Date "1992.??.??"]
[Round "9"]
[White "Lalic, Bogdan"]
[Black "Yudasin, Leonid"]
[Result "1/2-1/2"]
[WhiteElo "2515"]
[BlackElo "2580"]

1.d4 Nf6 2.c4 e6 3.Nc3 Bb4 4.e3 c5 5.Ne2 cxd4 6.exd4 d5 7.c5 Ne4 8.Bd2 Nxd2
9.Qxd2 a5 10.a3 Bxc3 11.Nxc3 a4 12.Bd3 b6 13.cxb6 Qxb6 14.Bc2 Bd7 15.O-O O-O  1/2-1/2

[Event "Beersheba"]
[Site "Beersheba"]
[Date "1993.??.??"]
[Round "1"]
[White "Skembris, Spyridon"]
[Black "Yudasin, Leonid"]
[Result "0-1"]
[WhiteElo "2545"]
[BlackElo "2605"]

1.d4 Nf6 2.c4 e6 3.Nf3 b6 4.g3 Ba6 5.Qa4 Bb7 6.Bg2 c5 7.dxc5 Bxc5 8.O-O O-O
9.Nc3 Be7 10.Rd1 Na6 11.Be3 Qc8 12.Rac1 Rd8 13.Bd4 d6 14.b4 Ne4 15.Qb3 Bf8
16.a3 h6 17.Nxe4 Bxe4 18.Bf1 Bb7 19.Bb2 Nb8 20.Qc3 Qc7 21.Bg2 Nd7 22.Nd4 Bxg2
23.Kxg2 a6 24.f4 Rac8 25.Qf3 Re8 26.Nb3 Be7 27.Bd4 Bf6 28.Bxf6 Nxf6 29.h3 Qb8
30.Rd2 d5 31.Rdc2 Rxc4 32.Rxc4 dxc4 33.Rxc4 e5 34.Nd2  0-1